Dôvodová správa k zákonu o prídavkoch na dieťa

Znenie dôvodovej správy k zákonu o prídavkoch na dieťa. Návrh novej právnej úpravy prídavku na dieťa. Všeobecná časť. Osobitná časť.

Enregistré dans:
Détails bibliographiques
Format: Chapitre de livre
Langue:slovaque
Sujets:
Tags: Ajouter un tag
Pas de tags, Soyez le premier à ajouter un tag!

MARC

LEADER 00000naa a2200000 4500
001 r046448
005 20230927070232.6
041 0 |a slo 
044 |a SK 
245 1 0 |a Dôvodová správa k zákonu o prídavkoch na dieťa 
520 |a Znenie dôvodovej správy k zákonu o prídavkoch na dieťa. Návrh novej právnej úpravy prídavku na dieťa. Všeobecná časť. Osobitná časť. 
610 2 0 |a prídavky na deti 
610 2 0 |a príspevky sociálne 
610 2 0 |a pomoc sociálna 
610 2 0 |a úpravy právne 
610 2 0 |a správy dôvodové